Top 10 marcatori storia della serie A - Statistics

Statistiche generali
  • Questo quiz è stato fatto 363 volte
  • Il punteggio medio è 5 su 10
Statistiche sulle risposte
Goal Giocatore % Corretto
250 Francesco Totti
94%
188 Alessandro Del Piero
92%
274 Silvio Piola
57%
209 Antonio Di Natale
53%
216 Giuseppe Meazza
52%
205 Roberto Baggio
50%
225 Gunnar Nordahl
29%
188 Giuseppe Signori
17%
216 José Altafini
12%
190 Kurt Harmin
0%
Nessun quiz corrispondente trovato
Distribuzione punteggi
Percentuale di utenti per punteggio
Percentile per numero di risposta
I tuoi punteggi nel tempo
Non hai fatto questo quiz